000
00455nam a2200133Ia 4500
008
100328s9999 xx 000 0 und d
082
_b
64471
100
_a
कशाळीकर शां.म.
245
_a
कोणाच्या खांद्यावर.
260
_b
माुश्री.
630
_a
कोणाच्या खांद्यावर.
730
_a
कोणाच्या खांद्यावर.
942
_c
BOOK
999
_c
550263
_d
550260